Who Sings These Songs – A Artists - Statistics

General Stats
  • This quiz has been taken 49 times
  • The average score is 8 of 25
Answer Stats
Songs Artist % Correct
Rolling In The Deep | Hello Adele
98%
Dancing Queen | Mamma Mia ABBA
89%
Highway To Hell | Back In Black AC/DC
87%
Complicated | Girlfriend Avril Lavigne
77%
Respect | Chain of Fools Aretha Franklin
64%
Girl on Fire | No One Alicia Keys
62%
Hole in My Soul | I Don’t Want to Miss a Thing Aerosmith
57%
Hey Brother | Wake Me Up Avicii
57%
Hand in My Pocket | You Learn Alanis Morissette
40%
Focus | Positions Ariana Grande
38%
Faded | Sing Me To Sleep Alan Walker
32%
Left Outside Alone | I’m Outta Love Anastacia
19%
I Smoked Away My Brain | Sundress A$AP Rocky
17%
Salt | Torn Ava Max
15%
Let Me Down Slowly | If We Have Each Other Alec Benjamin
13%
Whiplash | Supernova aespa
9%
This Is the Life | Mr Rock & Roll Amy Macdonald
9%
AB City | TanTara AlphaBat
6%
They Don’t Need to Understand | Westwood Road Andy Black
6%
BOUNCY (K-HOT CHILLI PEPPERS) | Crazy Form ATEEZ
6%
Chasing Time | The Big Big Beat Azealia Banks
4%
Under | I Believe Alex Hepburn
2%
Birth | Virtual Angel ARTMS
2%
Be Good to Me | Kiss the Girl Ashley Tisdale
2%
NoNoNo | I Don’t Know Apink
0%
No matching quizzes found
Score Distribution
Percent of People with Each Score
Percentile by Number Answered
Your Score History
You have not taken this quiz